书目信息 |
| 题名: |
中国关键地区的农业发展与环境
|
|
| 作者: | 孙鸿烈 , 桑塔格 主编 ;中国环境与发展国际合作委员会 编 | |
| 分册: | ||
| 出版信息: | 北京 科学出版社 2003 |
|
| 页数: | 126页 | |
| 开本: | 24cm | |
| 丛书名: | ||
| 单 册: | ||
| 中图分类: | F323.2 | |
| 科图分类: | ||
| 主题词: | 农业经济--可持续性发展--研究--中国 , 农业经济 , 可持续性发展 | |
| 电子资源: | ||
| ISBN: | 7-03-011900-2 | |
| 000 | 01240nam0 2200277 450 | |
| 001 | 002479277 | |
| 005 | 20070805081623.39 | |
| 010 | @a7-03-011900-2@dCNY23.00 | |
| 100 | @a20031020d2003 em y0chiy0110 ea | |
| 101 | 0 | @achi |
| 102 | @aCN@b110000 | |
| 105 | @aab z 000yy | |
| 106 | @ar | |
| 200 | 1 | @a中国关键地区的农业发展与环境@Azhong guo guan jian di qu de nong ye fa zhan yu huan jing@f孙鸿烈,( )Bernard Sonntag主编@Fsun hong lie, ( )Bernard Sonntag zhu bian@g中国环境与发展国际合作委员会可持续农业工作组[编]@Gzhong guo huan jing yu fa zhan guo ji he zuo wei yuan hui ke chi xu nong ye gong zuo zu [ bian ] |
| 210 | @a北京@c科学出版社@d2003 | |
| 215 | @a126页@c照片,地图@d24cm | |
| 330 | @a该书总结了可持续农业工作组5年来对我国的草地、黄土高原、南方红壤丘陵地区和东南沿海地区的调研结构和政策建议。 | |
| 606 | 0 | @a农业经济@x可持续性发展@x研究@y中国 |
| 606 | 0 | @a农业经济 |
| 606 | 0 | @a可持续性发展 |
| 690 | @aF323.2@v4 | |
| 701 | 0 | @a孙鸿烈@Asun hong lie@f(1932~)@4主编 |
| 701 | 0 | @c(加)@a桑塔格@Asang ta ge@c(Sonntag, Bernard H.)@4主编 |
| 712 | 02 | @a中国环境与发展国际合作委员会@Azhong guo huan jing yu fa zhan guo ji he zuo wei yuan hui@b可持续农业工作组@4编 |
| 801 | 0 | @aCN@bNLC@c20070805 |
| 905 | @dF323.2@e92@f4 | |
| 中国关键地区的农业发展与环境/孙鸿烈,( )Bernard Sonntag主编/中国环境与发展国际合作委员会可持续农业工作组[编].-北京:科学出版社,2003 |
| 126页:照片,地图;24cm |
| ISBN 7-03-011900-2:CNY23.00 |
| 该书总结了可持续农业工作组5年来对我国的草地、黄土高原、南方红壤丘陵地区和东南沿海地区的调研结构和政策建议。 |
| ● |
| 相关链接 |
|
|
|
|
正题名:中国关键地区的农业发展与环境
索取号:F323.2/92
 
预约/预借
| 序号 | 登录号 | 条形码 | 馆藏地/架位号 | 状态 | 备注 |
| 1 | 0851763 | 208517639 | 第一样本阅览室/ [索取号:F323.2/92] | 在馆 | |
| 2 | 0851764 | 208517648 | 第一借阅区/ [索取号:F323.2/92] | 在馆 | |
| 3 | 0851765 | 208517657 | 第一借阅区/ [索取号:F323.2/92] | 在馆 | |
| 4 | 0851766 | 208517666 | 第一借阅区/ [索取号:F323.2/92] | 在馆 |